Statistics for Lesser-Known "Holidays"

Click here to take the quiz!

General Stats

  • This quiz has been taken 5,186 times
  • The average score is 8 of 18

Answer Stats

DescriptionDateObservance% Correct
U.S. shopping dayDay after ThanksgivingBlack Friday
98%
Day for a mathematical constant or tasty dessertMarch 14Pi Day
87%
U.S. online shopping dayMonday after ThanksgivingCyber Monday
73%
May the 4th be with you on this dayMay 4Star Wars Day
69%
African-American winter holidayDec. 6 - Jan. 1Kwanzaa
65%
Day for a friendly embraceJanuary 21National Hug Day
56%
Yar, matey, this be a day to talk funnySeptember 19Talk Like a Pirate Day
52%
When evolution is celebratedFebruary 12Darwin Day
49%
Once-a-week vegetarian observanceEvery MondayMeatless Monday
33%
Day dedicated to a Scottish poetJanuary 25Burns Day
30%
Features a steel pole and an airing of grievancesDecember 23Festivus
30%
A day for reubens, perhaps?November 3National Sandwich Day
24%
An observance devoted to AvogadroOctober 23Mole Day
21%
Day for commuting cyclistsMay (varies)Bike to Work
18%
Detroit night of arsonOctober 30Devil's Night
16%
Valentine's Day alternative for lonely heartsFebruary 14Single's Awareness Day
15%
Day started by Cleveland candymakers
in order to sell candy
Third Saturday in OctoberSweetest Day
14%
Day of frugality and anti-consumerismDay after ThanksgivingBuy Nothing Day
8%

Score Distribution

Percentile by Number Answered

Percent of People with Each Score

Your Score History

You have not taken this quiz